000 00443nam a2200181Ia 4500
001 3299
005 20260306145633.0
008 260306t2001||||xx |||||||||||||| ||spa||
041 _aESP
082 _a268
_bJ81I T. 4/1 2001
100 _aJuan Pablo II, Papa
_eAUT
245 0 _aCatequesis sobre el Credo:
_bla Iglesia
260 _c2001
300 _a459 páginas :
_c20 cm.
650 _aGEN
654 _aCHU
942 _cLIB
_dJUS
_fJUS
_2ddc
_n
999 _c3299
_d3299